000 00384pab a2200157 454500
008 180718b1998 xxu||||| |||| 00| 0 eng d
100 _aBuckley, Cynthia J.
245 _aIdeology, methodology, and context
260 _c1998
300 _ap.223-36
362 _aOct
650 _aSurvey analysis
650 _aSurveys
773 _aAmerican Behavioral Scientist
909 _a39615
999 _c39615
_d39615